书目信息 |
| 题名: |
别让性格毁了你
|
|
| 作者: | 宋金凤 著 | |
| 分册: | ||
| 出版信息: | 北京 中国商业出版社 2016 |
|
| 页数: | 287页 | |
| 开本: | 24cm | |
| 丛书名: | ||
| 单 册: | ||
| 中图分类: | B848.6-49 | |
| 科图分类: | ||
| 主题词: | 性格--通俗读物 | |
| 电子资源: | ||
| ISBN: | 978-7-5044-9445-0 | |
| 000 | 00768nam0 2200229 450 | |
| 001 | 012001001294 | |
| 005 | 20140921103355.0 | |
| 010 | @a978-7-5044-9445-0@dCNY38.00 | |
| 100 | @a20161019d2016 em y0chiy50 ea | |
| 101 | 0 | @achi |
| 102 | @aCN@b110000 | |
| 105 | @ay z 000yy | |
| 106 | @ar | |
| 200 | 1 | @a别让性格毁了你@9bie rang xing ge hui liao ni@f宋金凤著 |
| 210 | @a北京@c中国商业出版社@d2016 | |
| 215 | @a287页@d24cm | |
| 330 | @a本书共分为十二章,主要内容包括:我很了解自己:找找你的性格基因;我不认为这是缺点:你忽略掉的性格危机;我对自己无能为力;你的“本性”真的“难移”吗等。 | |
| 606 | 0 | @a性格@j通俗读物 |
| 690 | @aB848.6-49@v5 | |
| 701 | 0 | @a宋金凤@9song jin feng@4著 |
| 801 | 0 | @aCN@b上海新华@c20180901 |
| 905 | @b1156174-8@dB848.6-49@e2643@f5 | |
| 别让性格毁了你/宋金凤著.-北京:中国商业出版社,2016 |
| 287页;24cm |
| ISBN 978-7-5044-9445-0:CNY38.00 |
| 本书共分为十二章,主要内容包括:我很了解自己:找找你的性格基因;我不认为这是缺点:你忽略掉的性格危机;我对自己无能为力;你的“本性”真的“难移”吗等。 |
| ● |
| 相关链接 |
|
|
|
|
正题名:别让性格毁了你
索取号:B848.6-49/2643
 
预约/预借
| 序号 | 登录号 | 条形码 | 馆藏地/架位号 | 状态 | 备注 |
| 1 | 1156174 | 211561745 | 第一样本阅览室/ [索取号:B848.6-49/2643] | 在馆 | |
| 2 | 1156175 | 211561754 | 第一借阅区/ [索取号:B848.6-49/2643] | 在馆 | |
| 3 | 1156176 | 211561763 | 第一借阅区/ [索取号:B848.6-49/2643] | 在馆 | |
| 4 | 1156177 | 211561772 | 第一借阅区/ [索取号:B848.6-49/2643] | 在馆 | |
| 5 | 1156178 | 211561781 | 第一借阅区/ [索取号:B848.6-49/2643] | 在馆 |